Statistiche per Edizioni dei Giochi Olimpici estivi

Clicka qui per fare il quiz!

Statistiche generali

  • Questo quiz è stato fatto 111 volte
  • Il punteggio medio è 25 su 29

Statistiche sulle risposte

AnnoEdizioneStatoCittà% Corretto
1896
I
GreciaAtene
99%
2004XXVIIIGreciaAtene
99%
1992XXVSpagnaBarcellona
99%
1948XIVRegno UnitoLondra
99%
2012XXXRegno UnitoLondra
99%
1908IVRegno UnitoLondra
99%
1924VIIIFranciaParigi
99%
1900IIFranciaParigi
99%
1960XVIIItaliaRoma
99%
1964XVIIIGiapponeTokyo
99%
2020*XXXIIGiapponeTokyo
99%
1980XXIIUnione SovieticaMosca
97%
1928IXPaesi BassiAmsterdam
95%
2008XXIXCinaPechino
95%
1968XIXMessicoCittà del Messico
94%
1936XIGermaniaBerlino
92%
2016XXXIBrasileRio de Janeiro
92%
1952XVFinlandiaHelsinki
90%
1932XStati Uniti d'AmericaLos Angeles
90%
1984XXIIIStati Uniti d'AmericaLos Angeles
90%
1988XXIVCorea del sudSeul
89%
1912VSveziaStoccolma
85%
1972XXGermaniaMonaco di Baviera
83%
2000XXVIIAustraliaSydney
80%
1956XVIAustraliaMelbourne
75%
1996XXVIStati Uniti d'AmericaAtlanta
68%
1976XXICanadaMontreal
63%
1920VIIBelgioAnversa
56%
1904IIIStati Uniti d'AmericaSaint Louis
25%

Distribuzione punteggi

Percentile per numero di risposta

Percentuale di utenti per punteggio

I tuoi punteggi nel tempo

Non hai fatto questo quiz